000 00345 a2200157 4500
001 152812
040 _cEscola São Tomás de Aquino
100 _aMACHADO, Ana Maria
240 1 0 _a Uma boa cantoria
_lpor
245 1 0 _a Uma boa cantoria
300 _a31
362 0 _a2003
440 1 _aFTD
697 _a*LITERATURA INFANTO
942 _cBK
999 _c152812
_d152812